[Event "Pardubice Region-chT 2223"]
[Site "Czech Republic"]
[Date "2022.10.09"]
[Round "1.3"]
[White "Krejcik, Tomas"]
[Black "Mik, Tomas"]
[Result "0-1"]
[WhiteElo "1925"]
[BlackElo "1878"]
[PlyCount "86"]
[EventDate "2022.10.09"]
[EventType "team-tourn"]
[EventRounds "11"]
[EventCountry "CZE"]
[SourceTitle "EXT 2024"]
[Source "ChessBase"]
[SourceDate "2023.10.10"]
[SourceVersion "1"]
[SourceVersionDate "2023.10.10"]
[SourceQuality "1"]

1. d4 Nf6 2. Nd2 c5 3. e3 e6 4. c3 Be7 5. Bd3 0-0 6. Ne2 d5 7. Ng3 b6 8. Qe2 Bb7 9. Nf3 Ne4 10. Ne5 f5 11. Nh5 Nd7 12. Nf3 Bd6 13. Bd2 Qe7 14. a4 g6 15. Ng3 Ndf6 16. 0-0 Qc7 17. Rfd1 Ng4 18. Be1 h5 19. Nf1 Kg7 20. a5 c4 21. Bc2 b5 22. h3 Ngf6 23. N1d2 Kh6 24. Nxe4 fxe4 25. Nd2 Rf7 26. f3 Raf8 27. f4 g5 28. g3 gxf4 29. exf4 h4 30. g4 Bxf4 31. Bxh4 Nh7 32. Rf1 Ng5 33. Kg2 Kg6 34. Bxg5 Kxg5 35. h4+ Kxh4 36. Rh1+ Bh2 37. Qe1+ Rf2+ 38. Qxf2+ Rxf2+ 39. Kxf2 Qg3+ 40. Kf1 Kxg4 41. a6 Qh3+ 42. Ke1 Bg3+ 43. Ke2 Qg2+ 0-1

[Event "CZE-ch U12"]
[Site "Luhacovice"]
[Date "2022.03.19"]
[Round "9"]
[White "Mik, Tomas"]
[Black "Martirosyan, David"]
[Result "0-1"]
[WhiteElo "1643"]
[BlackElo "1725"]
[PlyCount "80"]
[EventDate "2022.03.12"]
[EventType "swiss"]
[EventRounds "9"]
[EventCountry "CZE"]
[SourceTitle "EXT 2023"]
[Source "ChessBase"]
[SourceDate "2022.10.05"]
[SourceVersion "1"]
[SourceVersionDate "2022.10.05"]
[SourceQuality "1"]

1. Nc3 e5 2. Nf3 Nc6 3. e4 Bc5 4. Bb5 Nf6 5. Nxe5 Nxe5 6. d4 Bd6 7. f4 Nc6 8. e5 Be7 9. exf6 Bxf6 10. Be3 0-0 11. Qd2 d5 12. 0-0-0 a6 13. Be2 b5 14. g4 Re8 15. Bf3 Na5 16. Bxd5 c6 17. Bb3 Bxg4 18. Rdf1 Nxb3+ 19. axb3 Bf5 20. h3 Qd7 21. h4 Rad8 22. Rd1 Re6 23. h5 h6 24. Qf2 Rd6 25. Ne2 c5 26. d5 Rxd5 27. Rxd5 Qxd5 28. Rg1 c4 29. b4 Rd7 30. Nc3 Qd6 31. Bc5 Qc6 32. Ne2 Rd5 33. Nd4 Qd7 34. c3 Bg4 35. Qh2 Rxh5 36. Qg2 Bf5 37. Nc6 Bg6 38. Bd4 Qf5 39. Bxf6 Qxf4+ 40. Kd1 Qxf6 0-1

[Event "CZE-ch U12"]
[Site "Luhacovice"]
[Date "2022.03.13"]
[Round "2"]
[White "Mik, Tomas"]
[Black "Delgerdalai, Bayarjavkhlan"]
[Result "1/2-1/2"]
[WhiteElo "1643"]
[BlackElo "2074"]
[PlyCount "97"]
[EventDate "2022.03.12"]
[EventType "swiss"]
[EventRounds "9"]
[EventCountry "CZE"]
[SourceTitle "EXT 2023"]
[Source "ChessBase"]
[SourceDate "2022.10.05"]
[SourceVersion "1"]
[SourceVersionDate "2022.10.05"]
[SourceQuality "1"]

1. e4 c5 2. Nf3 d6 3. d4 cxd4 4. Nxd4 Nf6 5. Nc3 a6 6. Be3 e5 7. Nb3 Be6 8. Be2 Be7 9. 0-0 Nbd7 10. f4 Qc7 11. Kh1 0-0 12. f5 Bc4 13. g4 d5 14. Nxd5 Nxd5 15. exd5 Nf6 16. Bxc4 Qxc4 17. d6 Bxd6 18. h3 Nd5 19. Qf3 e4 20. Qf2 Nxe3 21. Qxe3 Be5 22. c3 Rad8 23. Rae1 Rd3 24. Qxe4 Rxh3+ 25. Kg2 Rh2+ 26. Kg1 Qxe4 27. Rxe4 Bb8 28. Rf2 Rh4 29. Kg2 h5 30. Kf3 Rh3+ 31. Ke2 h4 32. Rf3 Bg3 33. Nd2 Rd8 34. Nf1 Rh1 35. Nxg3 Rh2+ 36. Ke3 hxg3 37. Rxg3 Rxb2 38. a4 Rc8 39. Kd3 b5 40. axb5 axb5 41. Rge3 Kf8 42. Rd4 Re8 43. Rh3 Ree2 44. Rh8+ Ke7 45. Re4+ Rxe4 46. Kxe4 Rb3 47. Rc8 Kd6 48. g5 b4 49. cxb4 1/2-1/2